000 00593nam a2200181 a 4500
005 20200104041551.0
008 140123b1999 ck ||||| |||| 00| 0 spa d
040 _cCO-BoIH
041 _aspa
044 _ack
090 _aIAVH
_b00360
110 _bInstituto de Investigación de Recursos Biológicos Alexander von Humboldt
_9204
245 _aCaracterización biológica del territorio Kofán
_bjardines de Sucumbios, río Rumiyaco Putumayo, Colombia
260 _aVilla de Leyva
_bInstituto Alexander von Humboldt
_c1999
300 _a13 p.
942 _cINFORME
_2z
945 _d2005-06-28
999 _c4627
_d4627